000 00645cam a2200217 4500
008 000000n1999 000 0 eng u
020 _a1874266506
035 _a(Sirsi) u110423
050 _a333.72
110 _aInstitution of Structural Engineers
_9441
245 _aBuilding for a sustainable future : construction without depletion.
260 _aLondon
_bSETO
_c1999
300 _a96p. : ill. ; 30cm.
350 _a35.00
650 _aSUSTAINABLE BUILDINGS
650 _aSUSTAINABLE DEVELOPMENT
650 _aCONSTRUCTION INDUSTRY
650 _aENVIRONMENTALLY FRIENDLY BUILDINGS
690 _aBUILT ENVIRONMENT
942 _n0
999 _c101097
_d101097